| 000 | 00609nam a2200181Ia 4500 | ||
|---|---|---|---|
| 008 | 0000001987 fr az 0000000000fre00 | ||
| 090 | _aPRU00 A77 | ||
| 245 | 1 | 0 |
_aArt contemporain sovietique _b: selection d ́oeuvres provenant de la collection Kniga |
| 300 |
_a[72] p. _c/ 29 cm. |
||
| 500 | _aCon el patronazgo del maestro venezolano Jesús Rafael Soto (q.e.p.d.) | ||
| 505 | _aPendiente | ||
| 650 | 1 | 4 | _aARTE CONTEMPORANEO RUSO |
| 650 | 1 | 4 | _xCATALOGOS |
| 650 | 1 | 4 | _aCOLECCION KNIGA |
| 650 | 1 | 4 | _aPINTORES RUSOS |
| 650 | 1 | 4 | _aPINTURA RUSA |
| 999 |
_c1637 _d1637 |
||
| 260 |
_aParis : Galerie de France _c1987 |
||